Organizace a řízení obchodních činností materiály ke cvičením

Gespeichert in:
Bibliographische Detailangaben
Körperschaft: Vysoká škola ekonomická v Praze. Obchodní fakulta
Format: Buch
Sprache:Tschechisch
Veröffentlicht: Praha Státní pedagogické nakladatelství 1985
Tags: Tag hinzufügen
Keine Tags, Fügen Sie das erste Tag hinzu!

MARC

LEADER 00000nam a2200000 4500
001 c105200
005 20190423104636.8
041 0 |a cze 
044 |a CZ 
245 1 0 |a Organizace a řízení obchodních činností  |b materiály ke cvičením 
264 1 |a Praha  |b Státní pedagogické nakladatelství  |c 1985 
300 |a 147 s. 
710 2 |a Vysoká škola ekonomická v Praze. Obchodní fakulta